Dvaja naši za víťazným Hapakom

Podrobná bibliografia
Hlavný autor: Lipovský, Vladislav (Autor)
Médium: Článok
Jazyk:slovenčina
Fyzický popis:Fotografie
ISSN:1339-0554
Predmet:

MARC

LEADER 00000nab a2200000 4500
001 vtls011831773
003 SK-MaSNL
005 20260305040703.0
008 190102|2018 xo |||| || ||00 0|slo
040 |e rda 
041 |a slo 
043 |a e-xo 
044 |a xo  |c SK 
072 7 |a 796  |x Šport.Hry.Telesné cvičenia  |2 konspekt 
080 |a 796.422  |2 2011 
100 1 |a Lipovský, Vladislav  |4 aut  |9 1016165 
245 1 0 |a Dvaja naši za víťazným Hapakom  |c Vladislav Lipovský 
300 |b Fotografie 
336 |a text  |b txt  |2 rdacontent 
337 |a bez média  |b n  |2 rdamedia 
338 |a zväzok  |b nc  |2 rdacarrier 
610 2 7 |a Strážske (Slovensko).  |b Mesto  |2 mizkgz  |9 1607930 
610 2 7 |a Mestský bežecký oddiel (Strážske,Slovensko)  |2 mizkgz  |9 1608159 
611 2 7 |a Beh oslobodenia mesta Strážske  |n (49. :  |d 2018 :  |c Strážske, Slovensko)  |2 mizkgz  |9 1620541 
650 0 7 |a beh  |2 mizkgz  |9 3281 
650 0 7 |a bežecké preteky  |2 mizkgz  |9 31134 
651 7 |a Michalovce (Slovensko)  |2 mizkgz  |9 22487 
651 7 |a Strážske (Slovensko)  |2 mizkgz  |9 29526 
651 7 |a Michalovce (Slovensko : okres)  |2 mizkgz  |9 19216 
773 0 |t Naše mesto  |g Roč. XX, č.6 (2018), s.6  |x 1339-0554 
787 0 8 |i Rec.: 
999 |c 3339839  |d 3341769